[Event "22e tournoi d'automne"]
[Site "Montigny le Bretonneux"]
[Date "2024.10.21"]
[Round "3.17"]
[White "Demeocq, Agathe"]
[Black "Tanchoux, Pierre"]
[Result "0-1"]
[WhiteElo "1299"]
[BlackElo "1527"]
[Annotator "Rivier,Sylvain"]
[PlyCount "68"]
[EventDate "2024.??.??"]
[WhiteTeam "Geneston Sud Loire échecs"]
[BlackTeam "La Dame Noire"]

{Défense moderne} 1. e4 d6 2. d4 g6 3. Nf3 Bg7 4. Bg5 a6 5. Bc4 b5 6. Bb3 Bb7
7. O-O Nd7 8. Nc3 c5 9. d5 c4 10. Re1 cxb3 11. axb3 Ne5 12. Nd4 Nf6 13. b4 O-O
14. Ra3 Qd7 15. Qd2 Nc4 16. Qc1 Nxa3 17. bxa3 Rac8 18. Nd1 Rfe8 19. h3 Rc4 20.
Nb3 Rxe4 21. Rf1 Nxd5 22. c3 Rc8 23. Na5 Ba8 24. Nb3 Nxc3 25. Nxc3 Rxc3 26. Qd1
Qe6 27. Na5 h6 28. Bd2 Rd3 29. Qc2 Red4 30. Rd1 Qd5 31. Qc8+ Kh7 32. Re1 Rxd2
33. Rxe7 Rd1+ 34. Kh2 Qxg2# 0-1

[Event "22e tournoi d'automne"]
[Site "Montigny le Bretonneux"]
[Date "2024.10.21"]
[Round "3.18"]
[White "Bouloc, Roger"]
[Black "Carbonero, Jean Marc"]
[Result "1-0"]
[WhiteElo "1509"]
[BlackElo "1399"]
[Annotator "Rivier,Sylvain"]
[PlyCount "81"]
[EventDate "2024.??.??"]
[WhiteTeam "La Dame Noire"]
[BlackTeam "La Dame Noire"]

{Partie espagnole, défrense Steinitz moderne} 1. e4 e5 2. Nf3 Nc6 3. Bb5 a6 4.
Ba4 b5 5. Bb3 d6 6. d4 Be7 7. dxe5 dxe5 8. O-O Qxd1 9. Rxd1 Bg4 10. Bd5 Bxf3
11. Bxc6+ Kf8 12. Rd3 Rd8 13. Rxd8+ Bxd8 14. gxf3 Ne7 15. Bd5 Nxd5 16. exd5 g6
17. Bh6+ Ke7 18. Bg7 Re8 19. Bxe5 Kf8 20. f4 f6 21. Bd4 Re4 22. Bc5+ Be7 23.
Nd2 Rxf4 24. Bxe7+ Kxe7 25. Nb3 Kd6 26. Rd1 Rg4+ 27. Kf1 f5 28. Nd4 c5 29. Nb3
Ra4 30. a3 c4 31. Nd4 b4 32. axb4 g5 33. Nxf5+ Kd7 34. c3 Ra2 35. Rd2 h5 36.
Kg2 Ra1 37. Rd4 Re1 38. Rxc4 Re5 39. Ng7 h4 40. Kh3 Re7 41. Ne6 1-0

[Event "22e tournoi d'automne"]
[Site "Montigny le Bretonneux"]
[Date "2024.10.22"]
[Round "4.1"]
[White "Fruchard, Cyrille"]
[Black "Loiret, Stanislas"]
[Result "1-0"]
[WhiteElo "2276"]
[BlackElo "2153"]
[Annotator "Rivier,Sylvain"]
[PlyCount "59"]
[EventDate "2024.??.??"]
[WhiteTeam "La Dame Noire"]
[BlackTeam "Bayard Monge Echecs"]

{Défense sicilienne, variante Scheveningue} 1. e4 c5 2. Nf3 e6 3. Nc3 a6 4. d4
cxd4 5. Nxd4 b5 6. Bd3 Bb7 7. O-O d6 8. a3 Nf6 9. f4 Nbd7 10. Kh1 Rc8 11. Be3
Rxc3 12. bxc3 Nxe4 13. Qg4 Ndf6 14. Qh3 Nxc3 15. a4 b4 16. Ne2 Nxe2 17. Bxe2
Qc8 18. Bf3 Be7 19. Rab1 Bxf3 20. Qxf3 a5 21. Bd4 O-O 22. c3 Qc4 23. Rfd1 b3
24. Qb7 Nd5 25. Qxb3 Qe2 26. Rf1 g6 27. Qb5 Qe4 28. Rbe1 Qc2 29. f5 gxf5 30.
Re2 1-0

[Event "22e tournoi d'automne"]
[Site "Montigny le Bretonneux"]
[Date "2024.10.22"]
[Round "4.2"]
[White "Martin-Breteau, Paul"]
[Black "Duget, Long Jc"]
[Result "1-0"]
[WhiteElo "1884"]
[BlackElo "1792"]
[Annotator "Rivier,Sylvain"]
[PlyCount "105"]
[EventDate "2024.??.??"]
[WhiteTeam "GIF-CC2-Echecs"]
[BlackTeam "C.E. Fontenay le Fleury "]

{Défense sicilienne} 1. e4 c5 2. Nf3 g6 3. d4 cxd4 4. Qxd4 Nf6 5. Nc3 Nc6 6.
Qa4 Bg7 7. e5 Ng8 8. Bf4 h5 9. Bc4 Qa5 10. Qb3 e6 11. O-O-O Nh6 12. Ne4 O-O 13.
h3 a6 14. Nf6+ Kh8 15. g4 Ng8 16. Nxg8 Kxg8 17. gxh5 Qc7 18. Qe3 b5 19. Bd3 Nb4
20. hxg6 fxg6 21. Bh6 Rxf3 22. Qxf3 Bb7 23. Qg3 Nxd3+ 24. Qxd3 Bxh6+ 25. f4
Qxe5 26. Qxg6+ Qg7 27. Rhg1 Bxf4+ 28. Kb1 Qxg6 29. Rxg6+ Kf7 30. Rg4 e5 31.
Rxd7+ Kf6 32. Rxb7 Rd8 33. a3 Kf5 34. Rf7+ Ke4 35. Rg1 Rh8 36. Re1+ Kd5 37. Rh1
a5 38. h4 Rh5 39. Rg7 Ke4 40. Rb7 b4 41. axb4 axb4 42. Rxb4+ Kf3 43. Rf1+ Kg3
44. Rg1+ Kh2 45. Rg4 Rf5 46. Rb3 Rf6 47. Rf3 Rf5 48. b4 Rf6 49. Ka2 Ra6+ 50.
Kb3 Bc1 51. c3 Re6 52. Re4 Kg2 53. Rf5 1-0

[Event "22e tournoi d'automne"]
[Site "Montigny le Bretonneux"]
[Date "2024.10.22"]
[Round "4.3"]
[White "Gouanelle, Franck"]
[Black "Kunne, Ronald"]
[Result "1-0"]
[WhiteElo "2033"]
[BlackElo "1769"]
[Annotator "Rivier,Sylvain"]
[PlyCount "65"]
[EventDate "2024.??.??"]
[WhiteTeam "C.E. de Rueil Malmaison"]
[BlackTeam "Club d'Echecs d'Orsay"]

{Partie du pion dame} 1. d4 d5 2. Nc3 Nf6 3. Bf4 c5 4. e3 a6 5. dxc5 Nc6 6. Nf3
Bf5 7. a3 e6 8. b4 b6 9. Nd4 Nxd4 10. exd4 bxc5 11. dxc5 Be7 12. Bd3 Bxd3 13.
cxd3 d4 14. Qa4+ Nd7 15. Ne4 O-O 16. Bd6 Bxd6 17. Nxd6 Ne5 18. Qd1 Qg5 19. O-O
Qg6 20. f4 Ng4 21. Qe2 a5 22. f5 exf5 23. Nxf5 Rae8 24. Qf3 Ne3 25. Nxe3 Rxe3
26. Qf5 Rxd3 27. Qxg6 hxg6 28. Rfc1 axb4 29. axb4 Rb8 30. c6 Rc3 31. Rxc3 dxc3
32. b5 Rxb5 33. c7 1-0

[Event "22e tournoi d'automne"]
[Site "Montigny le Bretonneux"]
[Date "2024.10.22"]
[Round "4.4"]
[White "Sacher, Arthur"]
[Black "Forissier, Nicolas"]
[Result "1-0"]
[WhiteElo "1751"]
[BlackElo "1934"]
[Annotator "Rivier,Sylvain"]
[PlyCount "77"]
[EventDate "2024.??.??"]
[WhiteTeam "Club d'Echecs du Vesinet"]
[BlackTeam "La Dame Noire"]

{Partie du pion dame} 1. d4 Nf6 2. Nc3 d5 3. Bf4 g6 4. e3 Bg7 5. h4 Nbd7 6. Bd3
c6 7. Nf3 O-O 8. Ne5 Nh5 9. g4 Nxf4 10. exf4 f6 11. Nxg6 hxg6 12. Bxg6 e5 13.
g5 exd4 14. Qh5 Qe7+ 15. Ne2 Bh8 16. O-O-O c5 17. Ng3 Nb8 18. Nf5 Bxf5 19. Bxf5
Nc6 20. gxf6 Rxf6 21. Rhg1+ Bg7 22. Rde1 Qf7 23. Qh7+ Kf8 24. Bg6 Qc7 25. Qh5
Qxf4+ 26. Kb1 Rd8 27. Qe2 Bh6 28. Bh7 Bg7 29. Rg2 Qxh4 30. Bg6 Bh6 31. Bh7 Bg5
32. Reg1 Qxh7 33. Rxg5 d3 34. cxd3 c4 35. Qg4 Qxd3+ 36. Ka1 Ke7 37. Rg7+ Kd6
38. Rxb7 Ne5 39. Qg7 1-0

[Event "22e tournoi d'automne"]
[Site "Montigny le Bretonneux"]
[Date "2024.10.22"]
[Round "4.5"]
[White "Divies, Renaud"]
[Black "Viot Le Henaff, Francois-Xavier"]
[Result "1-0"]
[WhiteElo "1929"]
[BlackElo "1605"]
[Annotator "Rivier,Sylvain"]
[PlyCount "51"]
[EventDate "2024.??.??"]
[WhiteTeam "Club d'Echecs du Vesinet"]
[BlackTeam "Reims Echec et Mat"]

{Ouverture anglaise} 1. c4 b6 2. e4 c5 3. g3 Bb7 4. Bg2 Nf6 5. Nc3 g6 6. Nge2
d6 7. O-O Nc6 8. d4 Bg7 9. d5 Nd4 10. Nxd4 cxd4 11. Qxd4 O-O 12. Qd3 Nd7 13. b3
Nc5 14. Qd2 e5 15. dxe6 fxe6 16. Bb2 Qf6 17. Na4 Qe7 18. Bxg7 Kxg7 19. Nc3 Rf6
20. Rad1 Qf7 21. Qxd6 e5 22. Qxe5 Re8 23. Qd4 Ne6 24. Qd2 Nc5 25. Rfe1 Rfe6 26.
f3 1-0

[Event "22e tournoi d'automne"]
[Site "Montigny le Bretonneux"]
[Date "2024.10.22"]
[Round "4.6"]
[White "Benhadid, Jeilynn"]
[Black "Rajewski, Alexandre"]
[Result "1-0"]
[WhiteElo "1768"]
[BlackElo "1920"]
[Annotator "Rivier,Sylvain"]
[PlyCount "83"]
[EventDate "2024.??.??"]
[WhiteTeam "C.E. de  Bois-Colombes"]
[BlackTeam "Villepreux "]

{Gambit dame} 1. d4 d5 2. c4 e6 3. Nc3 Bb4 4. Nf3 Bxc3+ 5. bxc3 dxc4 6. Qa4+
Bd7 7. Qxc4 Nc6 8. e3 Nge7 9. Be2 O-O 10. O-O h6 11. e4 Ng6 12. Qd3 Nce7 13.
Be3 c6 14. Nd2 f5 15. f4 Be8 16. Nb3 b6 17. Rf3 fxe4 18. Qxe4 Qd5 19. Qd3 Qd7
20. c4 Rd8 21. Rd1 Qc7 22. Qe4 Qd7 23. Qc2 Nf5 24. Bc1 Nfe7 25. Qe4 Nh4 26. Rf2
Bg6 27. Qe3 Nhf5 28. Qc3 Nd6 29. Nd2 Ndf5 30. Nf3 Qc7 31. Ne5 Bh7 32. Ba3 Rfe8
33. Bf3 c5 34. dxc5 Rxd1+ 35. Bxd1 bxc5 36. Rd2 Rd8 37. Bg4 Nd4 38. Rb2 Nef5
39. Bf3 Qd6 40. Rd2 Rb8 41. Be4 Rb1+ 42. Bxb1 1-0

[Event "22e tournoi d'automne"]
[Site "Montigny le Bretonneux"]
[Date "2024.10.22"]
[Round "4.7"]
[White "Fayolle, Guy"]
[Black "Tan, Jin Chew Andrew"]
[Result "0-1"]
[WhiteElo "1733"]
[BlackElo "1861"]
[Annotator "Rivier,Sylvain"]
[PlyCount "54"]
[EventDate "2024.??.??"]
[WhiteTeam "Saint-Quentin en Yvelines"]

{Défense Pirc} 1. e4 d6 2. d4 Nf6 3. Nc3 g6 4. Be3 c6 5. f3 b5 6. Qd2 a5 7. a3
Bb7 8. d5 b4 9. axb4 axb4 10. Na2 cxd5 11. Qxb4 Bc6 12. Bd3 dxe4 13. Be2 Nbd7
14. Qb3 Bd5 15. c4 exf3 16. Nxf3 Bxf3 17. Bxf3 Qa5+ 18. Kf2 Rb8 19. Qc2 Bg7 20.
Rhe1 Rxb2 21. Qxb2 Ng4+ 22. Bxg4 Bxb2 23. Rad1 Ne5 24. Be2 Qxa2 25. Rd2 O-O 26.
Bd4 Bxd4+ 27. Rxd4 Qa7 0-1

[Event "22e tournoi d'automne"]
[Site "Montigny le Bretonneux"]
[Date "2024.10.22"]
[Round "4.8"]
[White "Alami Messaoudi, Wissam"]
[Black "Delage, Charles"]
[Result "0-1"]
[WhiteElo "1783"]
[BlackElo "1749"]
[Annotator "Rivier,Sylvain"]
[PlyCount "90"]
[EventDate "2024.??.??"]
[WhiteTeam "La Dame Noire"]
[BlackTeam "GIF-CC2-Echecs"]

{Défense française, variante Steinitz} 1. e4 e6 2. d4 d5 3. Nc3 Nf6 4. e5
Nfd7 5. f4 c5 6. Nf3 Nc6 7. Be3 Qb6 8. Na4 Qa5+ 9. c3 b6 10. Bd2 c4 11. b4 Nxb4
12. cxb4 Bxb4 13. Qc2 Bxd2+ 14. Nxd2 b5 15. Nc3 b4 16. Nd1 Qb6 17. Nf3 a5 18.
Rb1 Nb8 19. Nc3 Bd7 20. Be2 Nc6 21. Na4 Qa7 22. Rd1 Ne7 23. O-O Nf5 24. Kf2 O-O
25. g4 Ne7 26. Kg2 Rfb8 27. Nc5 b3 28. axb3 cxb3 29. Nxb3 Ba4 30. Rb1 Rb4 31.
Rb2 Rc8 32. Qd3 Rcb8 33. Rfb1 Qb6 34. Nfd2 Bb5 35. Qe3 Bxe2 36. Qxe2 a4 37. Qd3
axb3 38. Rxb3 Rxb3 39. Rxb3 Qd8 40. Qc2 Rxb3 41. Qxb3 Ng6 42. Kf3 h6 43. Qe3
Qh4 44. Nf1 Qh3+ 45. Kf2 Qxg4 0-1

[Event "22e tournoi d'automne"]
[Site "Montigny le Bretonneux"]
[Date "2024.10.22"]
[Round "4.9"]
[White "Couradin, Jean-Marie"]
[Black "Benhadid, Jazzmine"]
[Result "1/2-1/2"]
[WhiteElo "1659"]
[BlackElo "1723"]
[Annotator "Rivier,Sylvain"]
[PlyCount "40"]
[EventDate "2024.??.??"]
[WhiteTeam "La Dame Noire"]
[BlackTeam "C.E. de  Bois-Colombes"]

{Défense est-indienne} 1. d4 Nf6 2. c4 d6 3. Nc3 e5 4. d5 g6 5. e4 Bg7 6. Be2
O-O 7. Bg5 h6 8. Be3 Nbd7 9. Qd2 Kh7 10. g4 Ne8 11. h4 b6 12. g5 h5 13. Bd3 a5
14. a4 Nc5 15. Bc2 Ba6 16. b3 Qd7 17. f3 Rd8 18. Nge2 Qe7 19. O-O-O Qd7 20.
Rdf1 Qe7 1/2-1/2

[Event "22e tournoi d'automne"]
[Site "Montigny le Bretonneux"]
[Date "2024.10.22"]
[Round "4.10"]
[White "Nguyen, Nguyen-Khoi"]
[Black "Alm, Gilles"]
[Result "1-0"]
[WhiteElo "1858"]
[BlackElo "1583"]
[Annotator "Rivier,Sylvain"]
[PlyCount "43"]
[EventDate "2024.??.??"]
[WhiteTeam "Club d'Echecs d'Orsay"]
[BlackTeam "Mulhouse Philidor"]

{Défense sicilienne, étau de Maroczy} 1. d4 g6 2. c4 Bg7 3. Nc3 Nf6 4. e4 d6
5. Nge2 O-O 6. f3 c5 7. Be3 cxd4 8. Nxd4 Nc6 9. Qd2 Nxd4 10. Bxd4 Nd7 11. Bxg7
Kxg7 12. Be2 Ne5 13. h4 h5 14. O-O-O Qa5 15. g4 hxg4 16. h5 Nxf3 17. Bxf3 gxf3
18. hxg6 Rh8 19. Rxh8 fxg6 20. Qh6+ Kf6 21. Rf8+ Ke6 22. Qh3+ 1-0

[Event "22e tournoi d'automne"]
[Site "Montigny le Bretonneux"]
[Date "2024.10.22"]
[Round "4.11"]
[White "Montay, Jean-Paul"]
[Black "Plantet, Marc"]
[Result "0-1"]
[WhiteElo "1556"]
[BlackElo "1839"]
[Annotator "Rivier,Sylvain"]
[PlyCount "62"]
[EventDate "2024.??.??"]
[WhiteTeam "La Dame Noire"]
[BlackTeam "La Dame Noire"]

{Ouverture anglaise} 1. c4 e5 2. Nc3 Nf6 3. Nf3 e4 4. Ng5 d5 5. cxd5 Bf5 6.
Ngxe4 Nxd5 7. Nxd5 Qxd5 8. Nc3 Qd7 9. e4 Bg6 10. Be2 Bb4 11. Bf3 Nc6 12. g3 Ne5
13. O-O h5 14. Nd5 Bd6 15. h4 O-O-O 16. d3 f6 17. Be3 Kb8 18. a4 Bf7 19. Nc3 a6
20. Be2 g5 21. d4 Nc4 22. hxg5 h4 23. Bg4 Nxe3 24. fxe3 Be6 25. Bxe6 Qxe6 26.
Rxf6 Qh3 27. Qf3 hxg3 28. e5 Be7 29. Rh6 Rxh6 30. gxh6 Qh2+ 31. Kf1 Rf8 0-1

[Event "22e tournoi d'automne"]
[Site "Montigny le Bretonneux"]
[Date "2024.10.22"]
[Round "4.12"]
[White "Neveu, Raphael"]
[Black "Bouloc, Roger"]
[Result "1-0"]
[WhiteElo "1705"]
[BlackElo "1509"]
[Annotator "Rivier,Sylvain"]
[PlyCount "103"]
[EventDate "2024.??.??"]
[WhiteTeam "La Dame Noire"]
[BlackTeam "La Dame Noire"]

{Gambit dame, défense Lasker moderne} 1. Nf3 Nc6 2. d4 d5 3. c4 e6 4. Nc3 Nf6
5. Bg5 Be7 6. e3 h6 7. Bh4 O-O 8. a3 a6 9. Bd3 dxc4 10. Bxc4 b5 11. Bd3 Bb7 12.
O-O b4 13. axb4 Nxb4 14. Bb1 a5 15. Re1 Nbd5 16. Qc2 Nxc3 17. Bxf6 Nxb1 18.
Bxe7 Qxe7 19. Raxb1 Bxf3 20. gxf3 Rfc8 21. Qc6 Qd6 22. Rec1 Ra6 23. Qxd6 Rxd6
24. Rc5 Rd5 25. Rxd5 exd5 26. Rc1 c6 27. Rc5 a4 28. e4 dxe4 29. fxe4 Rd8 30.
Rc4 Rb8 31. Rxa4 Rxb2 32. Rc4 Rb1+ 33. Kg2 Rd1 34. Kf3 Rd3+ 35. Ke2 Rh3 36.
Rxc6 Kf8 37. d5 f6 38. Re6 Kf7 39. f4 Rxh2+ 40. Ke3 Ra2 41. f5 Ra7 42. Kf4 h5
43. Rc6 Ke7 44. Rc8 Ra1 45. Rc7+ Kd6 46. Rxg7 Rf1+ 47. Ke3 Ke5 48. Re7+ Kd6 49.
Re6+ Kd7 50. Rxf6 h4 51. Rh6 Rh1 52. Kf4 1-0

[Event "22e tournoi d'automne"]
[Site "Montigny le Bretonneux"]
[Date "2024.10.22"]
[Round "4.13"]
[White "Warin, Anouk"]
[Black "Poletto, Claude"]
[Result "1-0"]
[WhiteElo "1497"]
[BlackElo "1646"]
[Annotator "Rivier,Sylvain"]
[PlyCount "69"]
[EventDate "2024.??.??"]
[WhiteTeam "C.E. Fontenay le Fleury Les Fous Furieux"]
[BlackTeam "Gambit Roi de Carrieres sur Seine"]

{Défense Caro-Kann} 1. e4 c6 2. Nf3 d5 3. Nc3 dxe4 4. Nxe4 Nf6 5. Ng3 g6 6. d4
Bg7 7. Be2 O-O 8. O-O c5 9. dxc5 Nbd7 10. c6 bxc6 11. Rb1 Qc7 12. Be3 Nd5 13.
Bd4 e5 14. Bc3 Nxc3 15. bxc3 Rd8 16. Bc4 Nb6 17. Qe2 Nxc4 18. Qxc4 Be6 19. Qa4
h6 20. Rfe1 Bd5 21. Ne4 f5 22. Nc5 Re8 23. Nd2 Bf8 24. Na6 Qc8 25. c4 Bf7 26.
Nb4 Bxb4 27. Qxb4 c5 28. Qc3 e4 29. f3 exf3 30. Nxf3 Qc7 31. Ne5 Qd6 32. Rbd1
Qf6 33. Rd7 Re7 34. Rxe7 Qxe7 35. Nxg6 1-0

[Event "22e tournoi d'automne"]
[Site "Montigny le Bretonneux"]
[Date "2024.10.22"]
[Round "4.14"]
[White "Gimard, Yves"]
[Black "Salagnac, Sowan"]
[Result "0-1"]
[WhiteElo "1586"]
[BlackElo "1299"]
[Annotator "Rivier,Sylvain"]
[PlyCount "56"]
[EventDate "2024.??.??"]
[WhiteTeam "C.E. de Rambouillet - Le Roi de Rome"]
[BlackTeam "Saint-Quentin en Yvelines"]

{Défense Caro-Kann, variante d'avance} 1. e4 c6 2. d4 d5 3. e5 Bf5 4. Bd3 Bxd3
5. Qxd3 e6 6. Nf3 c5 7. c3 Qb6 8. a3 Nc6 9. b4 cxd4 10. cxd4 Rc8 11. O-O Nge7
12. Be3 Nf5 13. Nbd2 Nxe3 14. fxe3 Be7 15. Rac1 O-O 16. h3 f6 17. exf6 Bxf6 18.
b5 Ne7 19. g4 Qd6 20. Kg2 Ng6 21. g5 Bxg5 22. Qe2 Rxc1 23. Rxc1 Qxa3 24. Re1
Bf6 25. Qd1 Nh4+ 26. Nxh4 Bxh4 27. Re2 Qd3 28. Kg1 Qxb5 0-1

[Event "22e tournoi d'automne"]
[Site "Montigny le Bretonneux"]
[Date "2024.10.22"]
[Round "4.15"]
[White "Tanchoux, Pierre"]
[Black "Boutin, Guillaume"]
[Result "1-0"]
[WhiteElo "1527"]
[BlackElo "1567"]
[Annotator "Rivier,Sylvain"]
[PlyCount "71"]
[EventDate "2024.??.??"]
[WhiteTeam "La Dame Noire"]
[BlackTeam "Club d'Echecs du Vesinet"]

{Début Réti} 1. Nf3 f5 2. d3 Nf6 3. g3 g6 4. Bg2 Bg7 5. O-O O-O 6. Nbd2 d6 7.
e4 e5 8. Re1 c6 9. exf5 gxf5 10. Nh4 Na6 11. Nc4 Be6 12. Ne3 Ne8 13. Bh3 Qd7
14. Bxf5 Bxf5 15. Nexf5 Rxf5 16. Nxf5 Qxf5 17. Qe2 Nf6 18. c3 Rf8 19. Rf1 Nc5
20. d4 Nd3 21. dxe5 Nxc1 22. Raxc1 dxe5 23. Kg2 Ne4 24. f3 Ng5 25. g4 Qg6 26.
h4 Ne6 27. Kg3 Bh6 28. Rcd1 Bf4+ 29. Kh3 Qh6 30. h5 Rf5 31. Rh1 Rg5 32. Qc4 e4
33. Rd8+ Kf7 34. Rd7+ Ke8 35. Rxb7 Ng7 36. Qf7+ 1-0

[Event "22e tournoi d'automne"]
[Site "Montigny le Bretonneux"]
[Date "2024.10.22"]
[Round "4.16"]
[White "Ben Hamouda, Catherine"]
[Black "Imbert, Nicolas"]
[Result "0-1"]
[WhiteElo "1469"]
[BlackElo "1662"]
[Annotator "Rivier,Sylvain"]
[PlyCount "62"]
[EventDate "2024.??.??"]
[WhiteTeam "C.E. Fontenay le Fleury Les Fous Furieux"]
[BlackTeam "Saint-Quentin en Yvelines"]

{Défense française, variante d'échange} 1. e4 e6 2. d4 d5 3. exd5 exd5 4.
Bd3 Bd6 5. Ne2 Ne7 6. Bf4 O-O 7. Nd2 Bf5 8. Bxf5 Nxf5 9. O-O Nxd4 10. Bxd6
Nxe2+ 11. Qxe2 Qxd6 12. Nf3 Nd7 13. Rad1 c6 14. c4 Nf6 15. Qc2 Qc5 16. b3 dxc4
17. Rd4 Rad8 18. Rxc4 Qb6 19. h3 Rd5 20. Rc1 Rfd8 21. Rb1 R8d7 22. Rh4 Qd8 23.
Kh2 Rd1 24. Rxd1 Rxd1 25. Qf5 Rd5 26. Ne5 h6 27. f4 Qe7 28. Qc2 Nd7 29. g3 Nxe5
30. fxe5 Rxe5 31. Rf4 Re2+ 0-1

[Event "22e tournoi d'automne"]
[Site "Montigny le Bretonneux"]
[Date "2024.10.22"]
[Round "4.17"]
[White "Carbonero, Jean Marc"]
[Black "Meddour, Ithri"]
[Result "0-1"]
[WhiteElo "1399"]
[BlackElo "1531"]
[Annotator "Rivier,Sylvain"]
[PlyCount "60"]
[EventDate "2024.??.??"]
[WhiteTeam "La Dame Noire"]
[BlackTeam "Saint-Quentin en Yvelines"]

{Défense sicilienne, variante Rossolimo} 1. e4 c5 2. Nf3 Nc6 3. Be2 g6 4. O-O
Bg7 5. c3 e5 6. d3 Nge7 7. Be3 Qb6 8. Qc2 d6 9. Na3 f5 10. Nc4 Qc7 11. exf5
Bxf5 12. Ng5 h6 13. Ne6 Bxe6 14. f4 d5 15. Nd2 d4 16. cxd4 cxd4 17. Bf2 exf4
18. Bf3 O-O-O 19. Ne4 Kb8 20. a4 g5 21. Nc5 Bc8 22. Rac1 g4 23. Bd1 Rhf8 24.
Qb3 b6 25. Na6+ Bxa6 26. Be1 Nd5 27. Bh4 Bf6 28. Be1 h5 29. h3 Ne3 30. Rf2 Bh4
0-1

[Event "22e tournoi d'automne"]
[Site "Montigny le Bretonneux"]
[Date "2024.10.23"]
[Round "5.1"]
[White "Martin-Breteau, Paul"]
[Black "Fruchard, Cyrille"]
[Result "0-1"]
[WhiteElo "1884"]
[BlackElo "2276"]
[Annotator "Rivier,Sylvain"]
[PlyCount "120"]
[EventDate "2024.??.??"]
[WhiteTeam "GIF-CC2-Echecs"]
[BlackTeam "La Dame Noire"]

{Défense française, variante d'avance} 1. e4 e6 2. d4 d5 3. e5 c5 4. c3 Nc6
5. Nf3 Qb6 6. Bd3 cxd4 7. O-O Nge7 8. cxd4 Nb4 9. Be2 Nf5 10. Nc3 Bd7 11. a3
Nc6 12. Na4 Qd8 13. Bg5 Be7 14. Bxe7 Qxe7 15. Rc1 O-O 16. Nc5 Be8 17. b4 b6 18.
Nb3 a6 19. Bd3 Na7 20. Qd2 Ba4 21. Bc2 Nb5 22. Na1 Bxc2 23. Nxc2 Rfc8 24. Ne3
Nh4 25. a4 Nxf3+ 26. gxf3 Na3 27. Kh1 Nc4 28. Nxc4 Rxc4 29. Rxc4 dxc4 30. Qc3
Rc8 31. b5 axb5 32. axb5 Qd7 33. Rb1 Qd5 34. Rb4 g6 35. Kg2 Kg7 36. Kh1 h5 37.
Kg2 Rc7 38. h3 Rc8 39. Kh1 Kh7 40. Kh2 Kg7 41. Kh1 Rd8 42. Rxc4 Qxb5 43. Qb4
Qxb4 44. Rxb4 g5 45. Kg2 Kg6 46. Kg3 Kf5 47. Kg2 Rb8 48. Kg3 h4+ 49. Kg2 b5 50.
Kf1 Kf4 51. Ke2 Rb7 52. Kd3 Kxf3 53. d5 exd5 54. Kd4 g4 55. Kxd5 gxh3 56. Rxh4
Kg2 57. Ke4 h2 58. Rg4+ Kxf2 59. Rf4+ Kg2 60. Rg4+ Kh3 0-1

[Event "22e tournoi d'automne"]
[Site "Montigny le Bretonneux"]
[Date "2024.10.23"]
[Round "5.2"]
[White "Loiret, Stanislas"]
[Black "Sacher, Arthur"]
[Result "1-0"]
[WhiteElo "2153"]
[BlackElo "1751"]
[Annotator "Rivier,Sylvain"]
[PlyCount "71"]
[EventDate "2024.??.??"]
[WhiteTeam "Bayard Monge Echecs"]
[BlackTeam "Club d'Echecs du Vesinet"]

{Défense Caro-Kann, variante d'avance} 1. e4 c6 2. d4 d5 3. e5 Bf5 4. h4 h6 5.
g4 Be4 6. f3 Bh7 7. e6 Qd6 8. exf7+ Kxf7 9. Bd3 e5 10. Bxh7 Rxh7 11. Qd3 Nf6
12. dxe5 Qxe5+ 13. Ne2 Nbd7 14. Nbc3 Re8 15. Kf1 Qc7 16. h5 Bd6 17. Qg6+ Kg8
18. Qf5 Rf8 19. Kg2 Nc5 20. b4 Nfe4 21. bxc5 Rxf5 22. cxd6 Qb6 23. Nxe4 dxe4
24. gxf5 exf3+ 25. Kxf3 Qc5 26. Rd1 Qxf5+ 27. Nf4 g5 28. hxg6 Rd7 29. Be3 b6
30. Rd3 h5 31. Rh1 Qg4+ 32. Ke4 Rd8 33. Rxh5 Rf8 34. d7 Rd8 35. Bd4 Kf8 36. Bf6
1-0

[Event "22e tournoi d'automne"]
[Site "Montigny le Bretonneux"]
[Date "2024.10.23"]
[Round "5.3"]
[White "Delage, Charles"]
[Black "Gouanelle, Franck"]
[Result "0-1"]
[WhiteElo "1749"]
[BlackElo "2033"]
[Annotator "Rivier,Sylvain"]
[PlyCount "62"]
[EventDate "2024.??.??"]
[WhiteTeam "GIF-CC2-Echecs"]
[BlackTeam "C.E. de Rueil Malmaison"]

{Défense Caro-Kann, variante des deux cavaliers} 1. e4 c6 2. Nf3 d5 3. Nc3 Bg4
4. h3 Bxf3 5. Qxf3 e6 6. exd5 cxd5 7. Bb5+ Nc6 8. O-O Bd6 9. Re1 Nf6 10. d4 O-O
11. Bxc6 bxc6 12. Bg5 Rb8 13. Rab1 Be7 14. Ne2 Qa5 15. a3 Rxb2 16. Nf4 Rfb8 17.
Rbc1 Qxa3 18. Nd3 R2b7 19. Ra1 Qc3 20. Bxf6 Bxf6 21. Qg4 Qxd4 22. Nf4 Qxa1 23.
Rxa1 Bxa1 24. Nd3 Rb5 25. f4 g6 26. h4 a5 27. Qg5 a4 28. h5 a3 29. Ne5 Bxe5 30.
Qxe5 a2 31. h6 a1=Q+ 0-1

[Event "22e tournoi d'automne"]
[Site "Montigny le Bretonneux"]
[Date "2024.10.23"]
[Round "5.4"]
[White "Duget, Long Jc"]
[Black "Divies, Renaud"]
[Result "0-1"]
[WhiteElo "1792"]
[BlackElo "1929"]
[Annotator "Rivier,Sylvain"]
[PlyCount "78"]
[EventDate "2024.??.??"]
[WhiteTeam "C.E. Fontenay le Fleury Les Fous Furieux"]
[BlackTeam "Club d'Echecs du Vesinet"]

{Défense sicilienne, gambit Morra} 1. e4 c5 2. Be2 Nc6 3. d3 g6 4. f4 Bg7 5.
Nf3 d6 6. c3 e5 7. O-O Nge7 8. a4 O-O 9. Na3 h6 10. Nc4 f5 11. fxe5 dxe5 12.
Be3 b6 13. Bf2 f4 14. h3 Be6 15. Ncd2 Qd7 16. Qc2 Rf7 17. Rad1 Rc8 18. Nh2 h5
19. Ndf3 Bf6 20. Bh4 Bxh4 21. Nxh4 Rg7 22. N2f3 g5 23. Nf5 Nxf5 24. exf5 Bxf5
25. Nd2 g4 26. Ne4 Kh8 27. hxg4 hxg4 28. Kf2 Rf8 29. Rh1+ Bh7 30. Rdg1 Ne7 31.
Ke1 Nf5 32. Rh5 Qf7 33. Rgh1 Ne3 34. Qb1 Nxg2+ 35. Kd2 f3 36. Bd1 c4 37. Qa2
Qf4+ 38. Kc2 cxd3+ 39. Kb1 Qxe4 0-1

[Event "22e tournoi d'automne"]
[Site "Montigny le Bretonneux"]
[Date "2024.10.23"]
[Round "5.5"]
[White "Tan, Jin Chew Andrew"]
[Black "Benhadid, Jeilynn"]
[Result "1-0"]
[WhiteElo "1861"]
[BlackElo "1768"]
[Annotator "Rivier,Sylvain"]
[PlyCount "79"]
[EventDate "2024.??.??"]
[BlackTeam "C.E. de  Bois-Colombes"]

{Ouverture du pion dame} 1. d4 Nf6 2. Bg5 g6 3. Bxf6 exf6 4. e3 Bg7 5. g3 O-O
6. Bg2 d5 7. Ne2 c6 8. Nd2 Be6 9. O-O Nd7 10. b3 Nb6 11. Rc1 Bf5 12. c4 Bd3 13.
Re1 Bxe2 14. Qxe2 f5 15. c5 Nd7 16. b4 a6 17. a4 Nf6 18. Nb3 Qe7 19. Rb1 Ne4
20. Rec1 Rfe8 21. Bxe4 fxe4 22. Na5 f5 23. Rc2 g5 24. Ra2 f4 25. b5 axb5 26.
axb5 Qc7 27. Qe1 fxe3 28. fxe3 g4 29. bxc6 bxc6 30. Rb6 Re6 31. Qe2 h5 32. Nxc6
Rae8 33. Ra7 Qc8 34. Rbb7 Bf6 35. Nb4 Rd8 36. Qa2 Kh8 37. Nxd5 Qc6 38. Rh7+ Kg8
39. Nxf6+ Kf8 40. Raf7# 1-0